000 00405nam a22001697a 4500
005 20240920141851.0
008 240920b |||||||| |||| 00| 0 eng d
041 _aeng
082 _a622.33
100 _aDAS , SAMIR KUMAR
245 _aADVANCED COAL MINING TECHNOLOGY
250 _a1ST ED. 2022
260 _aWEST BENGAL
_bSAGARDEEP PRAKASHAN
300 _a680;P
650 _aMINING
942 _cBK
999 _c8712
_d8710